000
00327nam a22001457a 4500
008
190205b xxu||||| |||| 00| 0 eng d
020
_a
9780813431796
041
_a
eng
080
_a
339.138
082
_a
339.138
100
_a
60
101
_a
MAR
245
_a
Commodity Marketing
_c
Chafin G. Donald
942
_2
udc
_c
BK
999
_c
54071
_d
54071